书目信息 |
| 题名: |
学校后勤社会化运作与创新管理规范实务全书 下卷
|
|
| 作者: | 周锡冰 主编 | |
| 分册: | ||
| 出版信息: | 长春 吉林摄影出版社 2002.11 |
|
| 页数: | 1011-1520页 | |
| 开本: | 26cm | |
| 丛书名: | ||
| 单 册: | ||
| 中图分类: | G474 | |
| 科图分类: | ||
| 主题词: | 学校管理 | |
| 电子资源: | ||
| ISBN: | 7-80606-517-2 | |
| 000 | 00659nam0 2200193 45 | |
| 001 | 0305141563 | |
| 005 | 20030514154011.4 | |
| 010 | @a7-80606-517-2@b精装@d266.00元 | |
| 100 | @a20030514d2002 km y0chiy0120 ea | |
| 101 | 0 | @achi |
| 105 | @a z 000yy | |
| 200 | 1 | @a学校后勤社会化运作与创新管理规范实务全书 下卷@AXue Xiao Hou Qin She Hui Hua Yun Zuo Yu Chuang Xin Guan Li Gui Fan Shi Wu Quan Shu Xia Juan@f周锡冰主编@FZhou Xi Bing Zhu Bian |
| 210 | @a长春@c吉林摄影出版社@d2002.11 | |
| 215 | @a1011-1520页@d26cm | |
| 606 | 0 | @a学校管理 |
| 690 | @aG474@v3 | |
| 701 | 0 | @a周锡冰@4主编 |
| 801 | @aCN@bPftUser@c20030514 | |
| 905 | @aBZT@b348224-225@dG474@e1-3@f2 | |
| 学校后勤社会化运作与创新管理规范实务全书 下卷/周锡冰主编.-长春:吉林摄影出版社,2002.11 |
| 1011-1520页;26cm |
| ISBN 7-80606-517-2(精装):266.00元 |
| ● |
| 相关链接 |
|
|
|
正题名:学校后勤社会化运作与创新管理规范实务全书 下卷
索取号:G474/1-3
 
预约/预借
| 序号 | 登录号 | 条形码 | 馆藏地/架位号 | 状态 | 备注 |
| 1 | 348224 | 201187107 | 样本书库/样001架B面4层1列/ [索取号:G474/1-3] | 在馆 | |
| 2 | 348225 | 201186938 | 特藏书库/藏10架B面3列3层/ [索取号:G474/1-3] | 在馆 |